000
00295nam a22001457a 4500
020
_a
0013
041
_a
ENG
100
_a
Ozarkar .s.V
245
_a
Engineering drawing
260
_a
Pune
_b
mabarashtra Pub
_c
1993
300
_a
329
650
_a
FMP
700
_a
Utturkar .R.R
856
_u
FMP
999
_c
427
_d
427